000 00288nam a22001097a 4500
008 160504b xxu||||| |||| 00| 0 eng d
020 _a0412989913
041 _aeng
080 _a612.39
245 _aThe nutrition and health dictionary:
_cPercy J. Russell; Anita Williams;
942 _2udc
_cBK
999 _c1775
_d1775